Levels that Zoink verified - Geometry Dash - Statistics

General Stats
  • This quiz has been taken 48 times
    12 since last reset
  • The average score is 9 of 15
Answer Stats
Placement on the list Level % Correct
1. Thinking Space 2
100%
5. ORBIT
90%
4. Tidal Wave
90%
14. Ashley Wave Trials
80%
6. Nullscapes
80%
7. Quanteuse processing
80%
16. Acheron
70%
15. Avernus
70%
20. Defeated Circles
50%
25. KOCMOC
50%
34. Through The Gates
50%
Not rated Unnerfed Yatagarasu
40%
Not Rated The Bloop
30%
21. Tunnel of Despair
30%
Not rated Christmashouse
10%
No matching quizzes found
Score Distribution
Percent of People with Each Score
Percentile by Number Answered
Your Score History
You have not taken this quiz since the last reset